000 00725nam a2200253Ia 4500
003 OSt
005 20221006142849.0
006 a|||||r|||| 00| 0
007 ta
008 221006b |||||||| |||| 00| 0 eng d
020 _a0872496465
_c548.08
024 _a7,393
037 _cTextual
040 _aEASL
_cEASL
_beng
041 _2eng
_aeng
082 _aV42:1973.N89, N0
100 _aYOSHIO Okawara
_9648589
245 0 _aAvoid isolation
_b An ambassador's view of U.S./Japanese relation
260 _aSouht
_bCarolina University of South Carolina Press
_c1990
300 _a182p.
_ccm.
490 _v JEL
942 _hV42:1973.N89, N0
_cTEXL
_2CC
999 _c1075479
_d1075479